Návrh pohyblivej hate na toku Váh.

Guardado en:
Detalles Bibliográficos
Autor principal: Križan, Michal (Autor)
Otros Autores: Gramblička, Miroslav (Orientador)
Formato: Manuscrito Libro
Lenguaje:eslovaco
Publicado: 2015
Materias:
Acceso en línea:http://is.stuba.sk/zp/portal_zp.pl?podrobnosti=109426
https://opac.crzp.sk/?fn=detailBiblioForm&sid=1C7524EE209F6A36F9F89147A9DE
Etiquetas: Agregar Etiqueta
Sin Etiquetas, Sea el primero en etiquetar este registro!

MARC

LEADER 00000ntm a22000003a 4500
001 stuzp51803
003 SK-STU
005 20231023113237.5
007 ta
008 150427s2015----xo-----f-mn---000-0-slo-d
040 |a STU  |b slo 
041 0 |a slo 
100 1 |a Križan, Michal  |u 010170  |4 aut  |U SvF Stavebná fakulta  |T SvF Katedra hydrotechniky  |X 7066  |U V170  |Y 17  |7 A000007066 
242 0 1 |a Design of a movable weir on Váh river.  |y eng 
245 1 0 |a Návrh pohyblivej hate na toku Váh. 
260 |c 2015 
650 4 |a Spád  |2 slo 
650 4 |a Hať  |2 slo 
650 4 |a Hydroenergetický potenciál  |2 slo 
650 4 |a Hydro power potential  |2 eng 
650 4 |a Head  |2 eng 
650 4 |a Weir  |2 eng 
700 1 |a Gramblička, Miroslav  |4 ths  |X 2741  |7 A000002741 
856 4 |u http://is.stuba.sk/zp/portal_zp.pl?podrobnosti=109426 
856 4 |u https://opac.crzp.sk/?fn=detailBiblioForm&sid=1C7524EE209F6A36F9F89147A9DE 
SQL |a stuzp51803  |b DDP  |c SLO  |d Návrh pohyblivej hate na toku Váh.  |e 7066  |f Križan, Michal  |g 010170  |h 2741  |i Gramblička, Miroslav  |j 20150617  |k 27  |l 01  |m http://is.stuba.sk/zp/portal_zp.pl?podrobnosti=109426  |n I-VSH  |o 5.1.6. vodné stavby, 6.4.1. vodné hospodárstvo